000 01006cam a2200217 i 4500
001 162044
003 ES-MaACL
005 20250724074558.0
008 000711m18971906fr |||| | fre d
040 _aCCPB | B
_bspa
_cCCPB | B
100 1 _aPicard, Emile.
_991773
245 1 0 _aThéorie des fonctions algébriques de deux variables indépendantes /
_cpar Émile Picard et Georges Simart.
260 _aParis :
_bGauthier-Villars et fils, imprimeurs-libraires,
_c1897-1906.
300 _a2 v. ;
_c26 cm.
510 3 _aBritish Library, 18/09/06
597 _aVol. I (VI, 246 p.) -- Vol. II (528 p.)
650 7 _aÁlgebra
_2embne
_99720
700 1 _aSimart, Georges.
_tThéorie des fonctions algébriques de deux variables indépendantes.
_9132751
852 _aES-MaACL
_jB-4787-88
_z- Rúst.
_x- Edic.: El T. II es de 1906 y tiene 528 p., porque según consta en el prólogo, la ed. de 1900 del T. II sólo contenía los cap. I-VII. En esta ed. sale completo el T. II
999 _c162044
_d162044